Nih Santan Dampatiyon ke Liye (Record no. 61272)

MARC details
000 -LEADER
fixed length control field 00332nam a2200121Ia 4500
008 - FIXED-LENGTH DATA ELEMENTS--GENERAL INFORMATION
fixed length control field 221007s9999 xx 000 0 und d
041 ## - LANGUAGE CODE
Language code of text/sound track or separate title eng
082 ## - DEWEY DECIMAL CLASSIFICATION NUMBER
Classification number 646.72
Item number SWA
100 ## - MAIN ENTRY--PERSONAL NAME
Personal name Swami Ramdev Ji Maharaj
9 (RLIN) 96830
245 ## - TITLE STATEMENT
Title Nih Santan Dampatiyon ke Liye
260 ## - PUBLICATION, DISTRIBUTION, ETC. (IMPRINT)
Date of publication, distribution, etc. 2009
Name of publisher, distributor, etc. Moser Baer (i) Limited
Place of publication, distribution, etc. Noida,UP
906 ## - LOCAL DATA ELEMENT F, LDF (RLIN)
a 6
b General
Holdings
Withdrawn status Lost status Damaged status Not for loan Home library Current library Date acquired Vendor Cost, normal purchase price Bill number Total Checkouts Full call number Barcode Date last seen Cost, replacement price Bill Date Koha item type Original Barcode
        Smt. Hiraben Nanavati Institute of Management & Research for Women Smt. Hiraben Nanavati Institute of Management & Research for Women 24/08/2010 Patanjali Chikitsalaya 60.00 106606   646.72 SWA HIMR-AV-1186 07/10/2022 54.00 12/08/2010 Video Casset AV1186